OpenGL : superbible

Αποθηκεύτηκε σε:
Λεπτομέρειες βιβλιογραφικής εγγραφής
Κύριος συγγραφέας: Wright, Richard S.
Άλλοι συγγραφείς: Lipchak, Benjamin
Μορφή: Βιβλίο
Γλώσσα:English
Δημοσίευση: Indianapolis : SAMS, c2005
Έκδοση:3rd ed.
Θέματα:
Ετικέτες: Προσθήκη ετικέτας
Δεν υπάρχουν, Καταχωρήστε ετικέτα πρώτοι!

MARC

LEADER 00000nam a2200000 i 4500
001 1/74470
008 050329s2005 eng d
020 |a 0-672-32601-9 
035 |l 10077398 
040 |a GR-MY-UA  |b gre  |e aacr 
041 0 |a eng 
082 0 |a 006.67  |2 (21) 
100 1 |a Wright, Richard S. 
245 1 0 |a OpenGL :  |b superbible /  |c Richard S. Wright, and Benjamin Lipchak 
250 |a 3rd ed. 
260 |a Indianapolis :   |b SAMS,   |c c2005 
300 |a 1173 σ.;  |b εικ.;  |c 23 εκ.+  |e 1 οπτική δισκέτα λέιζερ Η/Υ (4 3/4 ίν.) 
504 |a Περιλαμβάνει ευρετήριο 
630 0 0 |a OpenGL. 
650 0 0 |a Computer graphics. 
700 1 |a Lipchak, Benjamin. 
852 |a INST  |b SYROS  |e 20050329  |h 006.68 WRI  |p 005500004243  |q 005500004243  |t BK  |y 0 
852 |a INST  |b SYROS  |e 20050329  |h 006.68 WRI   |p 005500004242  |q 005500004242  |t BK  |y 0 
901 |a BIBL5-2005-1 
909 |a Ε  |b 111671 
909 |a Ε  |b 111672 
920 |a ΔΙΕΥΡΥΝΣΗ  |b ΕΠΕΑΕΚ-ΤΜΣΠΣ  |y ΣΥΡΟΣ  |z 2004-10 
970 |a ΚΑΓΙΑΒΑ  |b ΕΙΡΗΝΗ  |z 2005/03/29